Fortnite Chapter 5 Season 1 Locations Quiz - Statistics

General Stats
  • This quiz has been taken 1,861 times
  • The average score is 7 of 11
Answer Stats
Hint Answer % Correct
A location that is named after a Glacier Grand Glacier
82%
A giant mansion home to Oscar the Tiger Lavish Lair
75%
A Train Station that is huge. Reckless Railways
75%
Shares the first half of it's name with Pleasant Park. Pleasant Piazza
72%
Ruins that look like ancient Greece. Ruined Reels
71%
A farm that is located near the middle of the map. Fencing Fields
69%
A location where Peter Griffin resides in. Snooty Steppes
67%
A Court location near the North East Side. Classy Courts
64%
A location that also is home to a giant mansion however it is supporting Rebels. Rebel's Roost
61%
A location split in two that is on a hill. Hazy Hillside
47%
A Location near the Yacht on the West Side. Ritzy Rivera
31%
No matching quizzes found
Score Distribution
Percent of People with Each Score
Percentile by Number Answered
Your Score History
You have not taken this quiz